| 000 | 00367nam a22001337a 4500 | ||
|---|---|---|---|
| 005 | 20260316142143.0 | ||
| 008 | 260316b |||||||| |||| 00| 0 eng d | ||
| 040 | _cFLL | ||
| 041 |
_2eng _aeng |
||
| 100 |
_aSanghpriya _91132174 |
||
| 245 | _aExploring the Legal Vacuum Addressed by the Mediation Act, 2023 | ||
| 260 |
_aDU _bFaculty of Law _c2024 |
||
| 942 |
_2CC _cDIS |
||
| 999 |
_c1715504 _d1715504 |
||